000
00298nam a2200121Ia 4500
008
190216s9999||||xx |||||||||||||| ||und||
100
_a
Padmanabhan K R
245
2
_a
A B C Guide To Foot Prints
260
_b
Ajith Book Center
_c
1978
300
_a
258p
650
_a
English Literature
942
_c
BK
999
_c
13259
_d
13259